Pomoc v hmotnej núdzi - zmeny
Pojem hmotná núdza. Právna úprava pomoci v hmotnej núdzi. Pomoc v hmotnej núdzi. Ciele novely zákona. Kto nie je členom domácnosti na účely hmotnej núdze. Posudzovanie hmotnej núdze. Výška dávok v hmotnej núdzi. Druhy príspevkov: ochranný príspevok, aktivačný, na nezaopatrené dieťa, na bývanie, osob...
Salvato in:
| Autore principale: | |
|---|---|
| Natura: | Capitolo di libro |
| Lingua: | slovacco |
| Soggetti: | |
| Tags: |
Nessun Tag, puoi essere il primo ad aggiungerne!!
|
MARC
| LEADER | 00000naa a2200000 4500 | ||
|---|---|---|---|
| 001 | 0253105 | ||
| 005 | 20190416100215.6 | ||
| 041 | 0 | |a slo | |
| 044 | |a SK | ||
| 245 | 1 | 0 | |a Pomoc v hmotnej núdzi - zmeny |c Mariana Matulková |
| 520 | |a Pojem hmotná núdza. Právna úprava pomoci v hmotnej núdzi. Pomoc v hmotnej núdzi. Ciele novely zákona. Kto nie je členom domácnosti na účely hmotnej núdze. Posudzovanie hmotnej núdze. Výška dávok v hmotnej núdzi. Druhy príspevkov: ochranný príspevok, aktivačný, na nezaopatrené dieťa, na bývanie, osobitný príspevok. Zánik nároku na pomoc v hmotnej núdzi a osobitný príspevok. Orgány štátnej správy. | ||
| 610 | 2 | 0 | |a legislatíva |
| 610 | 2 | 0 | |a novelizácia |
| 610 | 2 | 0 | |a núdza hmotná |
| 610 | 2 | 0 | |a pomoc štátna |
| 610 | 2 | 0 | |a pomoc sociálna |
| 610 | 2 | 0 | |a príspevky štátne |
| 610 | 2 | 0 | |a príspevky sociálne |
| 610 | 2 | 0 | |a domácnosti |
| 610 | 2 | 0 | |a deti |
| 610 | 2 | 0 | |a služby sociálne |
| 100 | 1 | |a Matulková, Mariana | |